| 000 | 00000nam##2200000za#4500 |
| 001 | 9.592277 |
| 003 | CaOODSP |
| 005 | 20210624201136 |
| 007 | cr ||||||||||| |
| 008 | 150406|2005||||xxc|||||o f|0| 0 fre|d |
| 020 | |a0-662-74565-5 |
| 040 | |aCaOODSP|bfre |
| 043 | |an-cn--- |
| 086 | 1 |aNH18-26/1-2005F-PDF |
| 110 | 2 |aSociété canadienne d'hypothèques et de logement. |
| 245 | 10|aComprendre les activités d'investissement dans le logement locatif privé au Canada / |h[ressource électronique]|cpréparé par Clayton Research Associates Limited et Fish Marks Jenkins Real Estate Consulting. |
| 260 | |aOttawa - Ontario : |bSociété canadienne d'hypothèques et de logement |c[2005], c1999. |
| 300 | |a139p.|bfigures, tableaux |
| 490 | 1 |aRapport de recherche. Série sur le logement abordable et le financement de l'habitation |
| 590 | |a15-05-Supp|b2015-03-31 |
| 691 | 07|aLogement|2gcpds |
| 775 | 08|tUnderstanding private rental housing investment in Canada / |w(CaOODSP)9.559549 |
| 776 | 0#|tComprendre les activités d'investissement dans le logement locatif privé au Canada |w(CaOODSP)9.626979 |
| 830 | #0|aRapport de recherche. Série sur le logement abordable et le financement de l'habitation.|w(CaOODSP)9.501301 |
| 856 | 40|ahttp://publications.gc.ca|qPDF|s7.36 Mo|uhttps://publications.gc.ca/collections/collection_2015/schl-cmhc/NH18-26-1-2005-fra.pdf |